Giáo trình công nghệ chế tạo máy : Sách dùng cho các trường đào tạo hệ Trung học chuyên nghiệp

Sách cung cấp những phần lý thuyết cơ bản nhất trong lĩnh vực công nghệ chế tạo máy, những yếu tố ảnh hưởng đến chất lượng khi gia công cơ khí, đồng thời giới thiệu các phương pháp gia công thông dụng để tạo ra các dạng bề mặt đạt...

Ausführliche Beschreibung

Gespeichert in:
Bibliographische Detailangaben
1. Verfasser: Phí, Trọng Hảo
Format: Buch
Sprache:Undetermined
Veröffentlicht: Hà Nội Giáo dục 2006
Schlagworte:
Tags: Tag hinzufügen
Keine Tags, Fügen Sie den ersten Tag hinzu!
Thư viện lưu trữ: Trung tâm Học liệu Trường Đại học Cần Thơ
LEADER 01136nam a2200217Ia 4500
001 CTU_92947
008 210402s9999 xx 000 0 und d
020 |c 24000 
082 |a 621.8 
082 |b H108 
100 |a Phí, Trọng Hảo 
245 0 |a Giáo trình công nghệ chế tạo máy : 
245 0 |b Sách dùng cho các trường đào tạo hệ Trung học chuyên nghiệp 
245 0 |c Phí Trọng Hảo, Nguyễn Thanh Mai 
260 |a Hà Nội 
260 |b Giáo dục 
260 |c 2006 
520 |a Sách cung cấp những phần lý thuyết cơ bản nhất trong lĩnh vực công nghệ chế tạo máy, những yếu tố ảnh hưởng đến chất lượng khi gia công cơ khí, đồng thời giới thiệu các phương pháp gia công thông dụng để tạo ra các dạng bề mặt đạt yêu cầu khác nhau về chất lượng gia công. 
650 |a Machine design,Thiết kế máy 
904 |i Trọng Hải 
980 |a Trung tâm Học liệu Trường Đại học Cần Thơ